Комплексный анализ салонов красоты г. Томска; Энергия молодых - экономике России; [Ч. 1]

Bibliographische Detailangaben
Parent link:Энергия молодых - экономике России: труды VIII Международной научно-практической конференции студентов и молодых ученых, г. Томск, 19-22 марта 2007 г./ Томский политехнический университет (ТПУ) ; Вольное экономическое общество России (ВЭО России) ; Международный союз экономистов (МСЭ).— , 2007
[Ч. 1].— 2007.— С. 345-347
1. Verfasser: Радневич Ю. Р.
Weitere Verfasser: Киселева Е. С. Елена Станиславовна (научный руководитель)
Sprache:Russisch
Veröffentlicht: 2007
Schlagworte:
Format: MixedMaterials Buchkapitel
KOHA link:https://koha.lib.tpu.ru/cgi-bin/koha/opac-detail.pl?biblionumber=132794

MARC

LEADER 00000naa2a2200000 4500
001 132794
005 20231031135116.0
035 |a (RuTPU)RU\TPU\book\143788 
090 |a 132794 
100 |a 20080306d2007 k y0rusy50 ca 
101 0 |a rus 
102 |a RU 
200 1 |a Комплексный анализ салонов красоты г. Томска  |f Ю. Р. Радневич  |g науч. рук. Е. С. Киселёва 
320 |a Библиогр.: 5 назв. 
461 0 |0 (RuTPU)RU\TPU\book\169966  |t Энергия молодых - экономике России  |o труды VIII Международной научно-практической конференции студентов и молодых ученых, г. Томск, 19-22 марта 2007 г.  |f Томский политехнический университет (ТПУ) ; Вольное экономическое общество России (ВЭО России) ; Международный союз экономистов (МСЭ)  |d 2007 
463 0 |0 (RuTPU)RU\TPU\book\136477  |t [Ч. 1]  |v С. 345-347  |d 2007 
610 1 |a салоны красоты 
610 1 |a Томск 
610 1 |a бизнес 
610 1 |a оценка 
610 1 |a прогнозирование 
610 1 |a посетители 
610 1 |a обслуживание 
610 1 |a качество 
610 1 |a уровень обслуживания 
610 1 |a труды учёных ТПУ 
700 1 |a Радневич  |b Ю. Р. 
702 1 |a Киселева  |b Е. С.  |c специалист в области маркетинга  |c старший преподаватель Томского политехнического университета  |f 1981-  |g Елена Станиславовна  |2 stltpush  |4 727 
801 1 |a RU  |b 63413507  |c 20080306  |g PSBO 
801 2 |a RU  |b 63413507  |c 20161007  |g RCR 
942 |c BK